| 000 | 01051cab a22002175a 4500 | ||
|---|---|---|---|
| 001 | L158654 | ||
| 008 | 150526e2015 xxk 000 0 eng d | ||
| 035 | _a(Sirsi) u158654 | ||
| 041 | 0 | _aeng | |
| 245 | 0 | 0 | _aTitan Europe 2006-3 plc v Colliers International UK plc (in liquidation) |
| 260 | _c2015 | ||
| 520 | _a[2015] EWCA Civ 1083, 3 November 2015. Appeal by defendant valuer C against claim for professional negligence for overvaluation of a commercial property in Germany. Margin of error principle of 15% established in "Singer v Friedland Ltd v John D Wood" 1977 considered. Appeal "upheld" as valuation within margin of error bracket. | ||
| 590 | _aKA | ||
| 650 | 2 | 4 | _aTITAN EUROPE 2006-3 PLC V COLLIERS INTERNATIONAL UK PLC (IN LIQUIDATION) |
| 650 | 2 | 4 | _aSINGER AND FRIEDLANDER LTD V JOHN D WOOD AND CO |
| 650 | 2 | 4 | _aMARGIN OF ERROR |
| 651 | 4 |
_aUnited Kingdom _y |
|
| 690 |
_aValuation _96273 |
||
| 856 | 4 | 0 |
_uhttps://www.bailii.org/ew/cases/EWCA/Civ/2015/1083.html _zView the law report free of charge at www.bailii.org |
| 942 | _n0 | ||
| 999 |
_c84649 _d84649 |
||